| 000 | 00397pam a2200157a 44500 | ||
|---|---|---|---|
| 008 | 230515b2013 xxu||||| |||| 00| 0 eng d | ||
| 020 | _a978-93-5009-685-7 | ||
| 041 | _aENGLISH | ||
| 082 | _aNULL | ||
| 100 | _aCHALLONER JACK | ||
| 245 | _a1001 INVENTIONS THAT CHANGED THE WORLD | ||
| 250 | _a1 | ||
| 260 |
_aUK _bNA _c2013 |
||
| 300 | _a960 | ||
| 650 | _a1001 INVENTIONS THAT CHANGED THE WORLD | ||
| 999 |
_c474610 _d474610 |
||